| 000 | 00972nam a2200253 a 4500 | ||
|---|---|---|---|
| 001 | BRCA_391 | ||
| 005 | 20190320203004.0 | ||
| 008 | 880329s1987 azua---##b---s001-0#eng-# | ||
| 020 | _a0816509743 | ||
| 040 |
_aDLC _cDLC _dDLC |
||
| 050 | 4 |
_aNK4124.A5 _b.L57 1987 |
|
| 100 | 1 |
_aLister, Florence Cline _91322 |
|
| 245 | 1 | 0 |
_aAndalusian ceramics in Spain and New Spain _ba cultural register from the third century B.C. to 1700 _cFlorence C. Lister and Robert H. Lister. |
| 260 |
_aTucson _bUniversity of Arizona _c1987 |
||
| 300 |
_aXXV, 411 p. _bil. tablas, mapas _c27 cm. |
||
| 500 | _aIncluye glosario e índice alfabético | ||
| 504 | _aBibliografía: p. [363]-395 | ||
| 650 | 1 | 4 |
_aCerámica _zAndalucía (España) _91323 |
| 650 | 1 | 4 |
_aCerámica andalusí _zMéxico _91324 |
| 650 | 1 | 4 |
_aIndustria de la cerámica _xHistoria _zAndalucía (España) _91325 |
| 651 | 4 |
_aAndalucía (España) _xAntigüedades _91326 |
|
| 700 | 1 |
_aLister, Robert Hill _d1915- _91327 |
|
| 942 |
_2lcc _cB |
||
| 999 |
_c326 _d326 |
||